| 000 | 00535cam a2200205 4500 | ||
|---|---|---|---|
| 001 | H35 | ||
| 008 | 090401t1981 xxu||||| |||| 00| 0 eng d | ||
| 035 | _a(Sirsi) u36565 | ||
| 041 | _aeng | ||
| 050 | _a693.893 | ||
| 100 | _aThorogood, R.P. | ||
| 245 | _aVapour diffusion through timber-framed walls | ||
| 260 |
_aGarston, Watford _bBuilding Research Establishment _c1981 |
||
| 300 | _a3p. ; 30cm. | ||
| 350 | _a0 | ||
| 490 |
_aBRE Information Paper _v1/81 s |
||
| 690 | _aBUILT ENVIRONMENT | ||
| 942 | _n0 | ||
| 948 | _c04/03/1997 | ||
| 999 |
_c90334 _d90334 |
||